| 000 | 01348nam a2200385 i 4500 | ||
|---|---|---|---|
| 001 | 57367 | ||
| 003 | CO-BoRNBP | ||
| 005 | 20250620164924.0 | ||
| 007 | ta | ||
| 008 | 160801s2008 sp a br 000 j spa d | ||
| 020 | _a9788434811744 | ||
| 040 |
_aCO-BoRNBP _bspa _erda _cCO-BoRNBP |
||
| 041 | 1 |
_aspa _hger |
|
| 043 | _ae-gx--- | ||
| 084 | _aC LOB2 | ||
| 100 | 1 |
_aLobe, Mira, _d1913-1995 _eautora _960454 |
|
| 245 | 1 | 3 |
_aEl fantasma de palacio _cMira Lobe ; ilustrado por Susi Weigel; traducido por Jesús Larriba |
| 250 | _aCuadragésimo segunda edición | ||
| 264 | 1 |
_aMadrid, España _bEditorial S.M. _c2008 |
|
| 300 |
_a75 páginas _bilustraciones en blanco y negro _c20 cm |
||
| 336 |
_atexto _btxt _2rdacontent |
||
| 337 |
_asin mediación _bn _2rdamedia |
||
| 338 |
_avolumen _bnc _2rdacarrier |
||
| 521 | 1 | _aRecomendado para un público infantil mayor de 8 años. | |
| 534 | _tDas schlossgespenst | ||
| 650 | 0 | 0 |
_aFantasmas en la literattura _2LEMB _960455 |
| 650 | 0 | 7 |
_aReyes y soberanos en la literatura _2LEMB _92423 |
| 650 | 0 | 0 |
_aCuentos infantiles alemanes _2LEMB |
| 650 | 0 | 7 |
_aProtección del medio ambiente _2LEMB |
| 650 | 0 | 7 |
_aLiteratura infantil alemana _2LEMB |
| 650 | 0 | 4 |
_aAutores alemanes _2LEMB _92665 |
| 700 | 1 |
_aWeigel, Susi _eilustradora _960456 |
|
| 700 | 1 |
_aLarriba, Jesús _etraductor _960457 |
|
| 942 |
_2loc _cBKLITI |
||
| 999 |
_c57367 _d57367 |
||